Les 20 plus grandes villes du Rhône sur une carte - Statistiques

Statistiques générales
  • Ce quiz a été pris 127 fois
  • Le résultat moyen est 14 sur 20
Réponses sur la Carte
Les réponses sont colorées sur une échelle allant du rouge au vert en fonction du pourcentage des utilisateurs qui les ont devinées à leur premier essai. Vous pouvez retrouver ces pourcentages ci-dessous.
 
Statistiques - réponses
Commune Population % Correct
Lyon 520 774
100%
Villeurbanne 162 207
96%
Vénissieux 66 701
90%
Villefranche-sur-Saône 36 224
86%
Bron 42 850
83%
Saint-Priest 49 193
82%
Vaulx-en-Velin 52 448
81%
Caluire-et-Cuire 43 479
79%
Meyzieu 36 437
69%
Oullins-Pierre-Bénite 37 928
68%
Décines-Charpieu 29 905
66%
Givors 20 943
64%
Tassin-la-Demi-Lune 22 819
58%
Saint-Fons 19 549
57%
Rillieux-la-Pape 31 479
56%
Sainte-Foy-lès-Lyon 21 893
56%
Écully 18 019
53%
Saint-Genis-Laval 21 329
50%
Belleville-en-Beaujolais 13 767
47%
Francheville 15 664
39%
Aucun quiz correspondant
Distribution des résultats
% des personnes avec chaque résultat
Percentile par nombre de réponses
Votre historique - résultats
Vous n’avez pas pris ce quiz